Statistics for All Time Top 10 Sportsmen of Montenegro

Click here to take the quiz!

General Stats

  • This quiz has been taken 18 times
  • The average score is 6 of 10

Answer Stats

No. Sport Hint Person % Correct
1.FootballFormer AC Milan player, nicknamed "The Genius"Dejan Savićević
100%
3.FootballScored the only goal in 1998 Champions League finalPredrag Mijatović
94%
2.HandballThe best player in the world for 1988Veselin Vujović
81%
6.Basketball3 gold medals at EuroBasket, 1 gold at World Championship, 2 Olympic silver medals, played at San Antonio Spurs for one seasonŽarko Paspalj
75%
8.Water polo2 gold medals at European Championship, one gold at World Championships, former captain of Montenegrin national teamNikola Janović
69%
9.Women handballOne of the best world players in last two decades, won silver medal at London OlympicsBojana Popović
63%
7.BoxingWBC lightweight world champion in 2016Dejan Zlatičanin
56%
10.VolleyballOlympic champion from Sydney, one silver medal at World Championships, nicknamed "Kvisko"Goran Vujević
50%
4.BoxingWorld amateur vice-champion and European champion in late 70sMiodrag Perunović
19%
5.JudoWorld champion in 1989Dragomir Bečanović
13%

Score Distribution

Percentile by Number Answered

Percent of People with Each Score

Your Score History

You have not taken this quiz